| 000 | 00938nam a2200253 a 4500 | ||
|---|---|---|---|
| 003 | BLK | ||
| 005 | 20240604005408.0 | ||
| 008 | 190919b bu ||||| |||| 00| 0 bu d | ||
| 020 | _a9786197378948 | ||
| 020 | _a9789546604378 | ||
| 040 | _aBLK | ||
| 041 |
_aBUL _cBUL |
||
| 080 |
_aБългарска литература _b821.163.2 _x-93-34 _z821.163.2-93-34 |
||
| 084 | _aЕ 53 | ||
| 100 |
_aЕлин Пелин _qСтоянов, Димитър Иванов _9363511 |
||
| 245 |
_aДядовата ръкавичка : любими детски приказки _cпо Елин Пелин ; худож. Христо Димитров |
||
| 260 |
_9396421 _aСофия _bЗнание 2012 _c2018 |
||
| 300 |
_a[8] с. _b с цв. ил. _c22 х 22 см |
||
| 380 | _aDX | ||
| 700 |
_91637 _aДимитров, Христо Димитров _eхудож. |
||
| 942 |
_cKNG _n0 _s1 _05 |
||
| 944 |
_aED _c2023 _k _lCRON CRON |
||
| 999 |
_c345353 _d345353 |
||
| 999 | _d345353 | ||